logo

Bir Sreshtho Munshi Abdur Rouf Library
Jhenaidah Cadet College

The snow goose, the small miracle / (Record no. 8032)

MARC details
000 -LEADER
fixed length control field 00719cam a22002413a 4500
001 - CONTROL NUMBER
JCCL Control Number 8032
003 - CONTROL NUMBER IDENTIFIER
JCCL marc code BD-JhCC
005 - DATE AND TIME OF LATEST TRANSACTION
control field 20180717091537.0
008 - FIXED-LENGTH DATA ELEMENTS--GENERAL INFORMATION
fixed length control field 180716e1964 xxk g |||||||0|f eng|d
035 ## - SYSTEM CONTROL NUMBER
system control number (BD-JhCC)8032
035 ## - SYSTEM CONTROL NUMBER
system control number (StEdALDL)1/3518965
040 ## - CATALOGING SOURCE
Original cataloging agency UK-WkNB
Transcribing agency UK-WkNB
Modifying agency BD-JhCC
041 ## - LANGUAGE CODE
Language code of Book eng
082 04 - DEWEY DECIMAL CLASSIFICATION NUMBER
Classification number 823.91
Author mark and Year GAL 1964
100 1# - MAIN ENTRY--PERSONAL NAME
Personal name Gallico, Paul,
Dates associated with a name 1897-1976.
245 14 - TITLE STATEMENT
Title The snow goose, the small miracle /
Statement of responsibility, etc Paul Gallico
250 ## - EDITION STATEMENT
Edition statement Special ed.
260 ## - PUBLICATION, DISTRIBUTION, ETC. (IMPRINT)
Place of publication, distribution, etc Gloucester :
Name of publisher, distributor, etc The Wildfowl & Wetlands Trust :
-- [distributor] The Wildfowl & Wetlands Trust,
Date of publication, distribution, etc 1964.
300 ## - PHYSICAL DESCRIPTION
Pagination 59 p. :
Other physical details ill. ;
Dimensions 20 cm
600 ## - SUBJECT ADDED ENTRY--PERSONAL NAME
Personal name Gallico, Paul,
Dates associated with a name 1897-1976
942 ## - ADDED ENTRY ELEMENTS (KOHA)
Source of classification or shelving scheme Dewey Decimal Classification
Koha item type Books
Holdings
Source of classification or shelving scheme Damaged status Not for loan Home library Current library Shelving location Total Checkouts Full call number Barcode Date last seen Copy number Koha item type
Dewey Decimal Classification     JCC Rouf Library JCC Rouf Library General Stacks   823.91 GAL 2016 9219 02/17/2018 C - 1 Books

JCC Library | Contacts | JCC Home

Last Update on 23 September 2017
Copyright @ 2017-2020 JCC Rouf Library
Rouf Library, Jhenidah Cadet College (JCC), Bangladesh